Animales, vegetales y minerales / (Record no. 193388)
[ view plain ]
| 000 -LEADER | |
|---|---|
| campo de control de longitud fija | 02315cam a2200361 i 4500 |
| 001 - NÚMERO DE CONTROL | |
| campo de control | 193388 |
| 003 - IDENTIFICADOR DE NÚMERO DE CONTROL | |
| campo de control | SpMaBN |
| 005 - FECHA Y HORA DE LA ÚLTIMA TRANSACCIÓN | |
| campo de control | 20240903062952.0 |
| 007 - CAMPO FIJO DE DESCRIPCIÓN FÍSICA--INFORMACIÓN GENERAL | |
| campo de control de longitud fija | ta |
| 008 - DATOS DE LONGITUD FIJA--INFORMACIÓN GENERAL | |
| campo de control de longitud fija | 090526s2009 sp | |||| 000 p spa |
| 017 ## - NÚMERO DE COPYRIGHT O DE DEPÓSITO LEGAL | |
| Número de copyright o de depósito legal | SE 5254-2008 |
| Agencia que asigna | Oficina Depósito Legal Sevilla |
| 020 ## - NÚMERO INTERNACIONAL ESTÁNDAR DEL LIBRO | |
| Número Internacional Estándar del Libro | 9788496959149 |
| 035 ## - NÚMERO DE CONTROL DEL SISTEMA | |
| Número de control de sistema | (OCoLC)733620076 |
| 040 ## - FUENTE DE CATALOGACIÓN | |
| Centro catalogador/agencia de origen | SpMaBN |
| Lengua de catalogación | spa |
| Centro/agencia transcriptor | SpMaBN |
| Normas de descripción | rdc |
| 080 ## - NÚMERO DE LA CLASIFICACIÓN DECIMAL UNIVERSAL | |
| Número de la Clasificación Decimal Universal | 821.134.2-14"19" |
| 100 1# - ENTRADA PRINCIPAL--NOMBRE DE PERSONA | |
| Nombre de persona | Pérez Henares, Antonio, |
| Fechas asociadas al nombre | 1953- |
| Número de control del registro de autoridad o número normalizado | XX1067255 |
| Término indicativo de función/relación | Autor |
| 9 (RLIN) | 138463 |
| 245 10 - MENCIÓN DEL TÍTULO | |
| Título | Animales, vegetales y minerales / |
| Mención de responsabilidad, etc. | Antonio Pérez Henares |
| 260 ## - PUBLICACIÓN, DISTRIBUCIÓN, ETC. | |
| Lugar de publicación, distribución, etc. | [Madrid] : |
| Nombre del editor, distribuidor, etc. | Ediciones Irreverentes, |
| Fecha de publicación, distribución, etc. | [2008] |
| 300 ## - DESCRIPCIÓN FÍSICA | |
| Extensión | 60 páginas ; |
| Dimensiones | 22 cm |
| 336 ## - TIPO DE CONTENIDO | |
| Fuente | rdacontent |
| Término de tipo de contenido | Texto |
| 337 ## - TIPO DE MEDIO | |
| Fuente | rdamedia |
| Nombre/término del tipo de medio | sin mediación |
| 338 ## - TIPO DE SOPORTE | |
| Fuente | rdacarrier |
| Nombre/término del tipo de soporte | volumen |
| 490 1# - MENCIÓN DE SERIE | |
| Mención de serie | Novísima biblioteca ; |
| Designación de volumen o secuencia | 32 |
| 520 ## - RESUMEN, ETC. | |
| Sumario, etc. | En su juventud, Antonio Pérez Henares escribió centenares de poemas. Los amores y aun más los desamores los acababa pasando por el poema y en más de una ocasión, logró hacer del verso llave del corazón de las esquivas. Con la edad, ya se sabe, se va quedando uno seco de amores, desvaríos, ardores y hasta se desengaña uno de los desengaños. Y va dejando el verso.<br/><br/>Pero siempre ha querido Pérez Henares a sus poemas. No los ha quemado ni despreciado. Les tiene el cariño que se le guarda a un tiempo en el que se disfrutó hasta sufriendo. Donde amen de los sueños amorosos tenía también sitio el de la libertad, entonces perseguida. Están aquí también aquellas palabras que quiso fueran armas contra la dictadura. Y de algo, por muy humilde que fuera, aún piensa que valieron.<br/><br/>Cada grano valía. Por eso hoy quiere publicarlos, al menos un puñado. Quiere rendirles ese pequeño homenaje y que tengan el lugar en su biblioteca que siempre han tenido en su corazón. |
| 655 #7 - TERMINO DE INDIZACIÓN--GENERO/FORMA | |
| Datos o término principal de género/forma | Poesías |
| Fuente del término | tgfbne |
| 9 (RLIN) | 176539 |
| 830 #0 - PUNTO DE ACCESO ADICIONAL DE SERIE-TÍTULO UNIFORME | |
| Título uniforme | Novísima biblioteca ; |
| Designación de volumen o secuencia | 32 |
| 9 (RLIN) | 234422 |
| 852 ## - LOCALIZACIÓN | |
| Ubicación | ES-MaACL |
| Sublocalización o colección | R. 154741 |
| Ubicación en estantería | Depósito J |
| Número de control de estantería | N-9544 |
| itemnumber | 200834 |
| Anotaciones manuscritas | Dedicatoria autógrafa del autor |
| Donativo/Legado | Donación: Antonio Pérez Henares |
| Encuadernación | Encuadernación rústica con solapas |
| 903 ## - NOMBRE PERSONAL DE DONANTE | |
| a | Pérez Henares, Antonio, |
| d | 1953- |
| e | Donante |
| 9 | 138463 |
| 942 ## - ELEMENTOS DE ENTRADA SECUNDARIOS (KOHA) | |
| Suprimir en OPAC | No |
| Tipo de ítem Koha | Libro impreso |
| Estatus retirado | Estado de pérdida | Fuente del sistema de clasificación o colocación | Estado de daño | No para préstamo | Colección | Biblioteca de origen | Biblioteca actual | Ubicación en estantería | Fecha de adquisición | Fuente de adquisición | Número de control de estantería | Total de préstamos | Signatura topográfica completa | Código de barras | Visto por última vez | Tipo de ítem Koha | Nota pública |
|---|---|---|---|---|---|---|---|---|---|---|---|---|---|---|---|---|---|
| Clasificación decimal universal | Libros con dedicatorias | Biblioteca del Ateneo de Madrid | Biblioteca del Ateneo de Madrid | Depósito J | 13/11/2023 | Donación | Ateneísta | N-9544 | 101206128 | 13/11/2023 | Libro impreso | Dedicatoria autógrafa del autor |
